ARRUPE JESUIT UNIVERSITY

CORONAVIRUS -STOP THE SPREAD - CLEAN,DISINFECT,COVER

Starting with Mill / (Record no. 119591)

MARC details
000 -LEADER
fixed length control field 01549cam a2200421 a 4500
001 - CONTROL NUMBER
control field 16059147
003 - CONTROL NUMBER IDENTIFIER
control field ARRUPE
005 - DATE AND TIME OF LATEST TRANSACTION
control field 20150415020006.0
008 - FIXED-LENGTH DATA ELEMENTS--GENERAL INFORMATION
fixed length control field 100119s2010 enk b 001 0 eng
010 ## - LIBRARY OF CONGRESS CONTROL NUMBER
LC control number 2010002044
015 ## - NATIONAL BIBLIOGRAPHY NUMBER
National bibliography number GBA931137
Source bnb
015 ## - NATIONAL BIBLIOGRAPHY NUMBER
National bibliography number GBA931138
Source bnb
015 ## - NATIONAL BIBLIOGRAPHY NUMBER
National bibliography number GBA931137
Source dnb
016 7# - NATIONAL BIBLIOGRAPHIC AGENCY CONTROL NUMBER
Record control number 014938168
Source Uk
016 7# - NATIONAL BIBLIOGRAPHIC AGENCY CONTROL NUMBER
Record control number 014938169
Source Uk
020 ## - INTERNATIONAL STANDARD BOOK NUMBER
International Standard Book Number 9781847062390
020 ## - INTERNATIONAL STANDARD BOOK NUMBER
International Standard Book Number 9781847062406
020 ## - INTERNATIONAL STANDARD BOOK NUMBER
International Standard Book Number 1847062393
020 ## - INTERNATIONAL STANDARD BOOK NUMBER
International Standard Book Number 1847062407
035 ## - SYSTEM CONTROL NUMBER
System control number (OCoLC)ocn277203986
040 ## - CATALOGING SOURCE
Original cataloging agency DLC
Transcribing agency DLC
Modifying agency BTCTA
-- YDXCP
-- UKM
-- DEBBG
-- BWKUK
-- BWK
-- CDX
-- BWX
-- DLC
050 00 - LIBRARY OF CONGRESS CALL NUMBER
Classification number B1607
Item number .F57 2010
082 00 - DEWEY DECIMAL CLASSIFICATION NUMBER
Classification number 192
Edition number 22
300 ## - PHYSICAL DESCRIPTION
Dimensions 23 cm.
100 1# - MAIN ENTRY--PERSONAL NAME
Personal name Fitzpatrick, John R.
9 (RLIN) 6739
245 10 - TITLE STATEMENT
Title Starting with Mill /
Statement of responsibility, etc John R. Fitzpatrick.
260 ## - PUBLICATION, DISTRIBUTION, ETC. (IMPRINT)
Place of publication, distribution, etc London ;
-- New York :
Name of publisher, distributor, etc Continuum,
Date of publication, distribution, etc c2010.
300 ## - PHYSICAL DESCRIPTION
Extent xiii, 178 p. ;
490 1# - SERIES STATEMENT
Series statement Starting with ... series
504 ## - BIBLIOGRAPHY, ETC. NOTE
Bibliography, etc Includes bibliographical references and index.
600 10 - SUBJECT ADDED ENTRY--PERSONAL NAME
Personal name Mill, John Stuart,
Dates associated with a name 1806-1873.
9 (RLIN) 6740
830 #0 - SERIES ADDED ENTRY--UNIFORM TITLE
Uniform title Starting with...
9 (RLIN) 6741
856 42 - ELECTRONIC LOCATION AND ACCESS
Materials specified Contributor biographical information
Uniform Resource Identifier <a href="http://www.loc.gov/catdir/enhancements/fy1213/2010002044-b.html">http://www.loc.gov/catdir/enhancements/fy1213/2010002044-b.html</a>
856 41 - ELECTRONIC LOCATION AND ACCESS
Materials specified Table of contents only
Uniform Resource Identifier <a href="http://www.loc.gov/catdir/enhancements/fy1213/2010002044-t.html">http://www.loc.gov/catdir/enhancements/fy1213/2010002044-t.html</a>
856 42 - ELECTRONIC LOCATION AND ACCESS
Materials specified Publisher description
Uniform Resource Identifier <a href="http://www.loc.gov/catdir/enhancements/fy1213/2010002044-d.html">http://www.loc.gov/catdir/enhancements/fy1213/2010002044-d.html</a>
906 ## - LOCAL DATA ELEMENT F, LDF (RLIN)
a 7
b cbc
c orignew
d 1
e ecip
f 20
g y-gencatlg
942 ## - ADDED ENTRY ELEMENTS (KOHA)
Source of classification or shelving scheme Library of Congress Classification
Koha item type Monograph ( Printed materials)
Koha issues (borrowed), all copies 3
Holdings
Withdrawn status Lost status Source of classification or shelving scheme Damaged status Not for loan Home library Current library Date acquired Total Checkouts Full call number Barcode Date last seen Date checked out Price effective from Koha item type
    Library of Congress Classification     ARRUPE LIBRARY ARRUPE LIBRARY 21/01/2014 3 B1607 .F57 2010 464122837 21/04/2015 14/04/2015 21/01/2014 Monograph ( Printed materials)

 

Arrupe Library. PO Box MP320 Mt Pleasant, Harare, Zimbabwe
263 242 745411|librarian@aju.ac.zw